• 首页
  • 本馆介绍
  • 公告通知
  • 最新文献
  • 馆藏检索
  • 电子资源
  • 读者导购
  • 参考咨询
  • 我的图书馆
  • 登录
  • 详细信息显示
  • 放入我的书架
  • 预约/预借图书
  • 作者相关作品
  • 分类相关作品
  • 丛书相关作品
  • 出版社相关作品

书目信息

  • 表格格式
  • 工作单格式
  • 卡片格式
题名:
西葫芦大棚技术问答
    
 
作者: 胡永军 主编
分册:  
出版信息: 北京   化学工业出版社  2010
页数: 175页
开本: 21cm
丛书名: 寿光科学种菜经验问答丛书
单 册:
中图分类: S642.6
科图分类:
主题词: 西葫芦--大棚栽培 , 西葫芦 , 大棚栽培
电子资源:
ISBN: 978-7-122-08041-7
000 00939oam2 2200277 45
001 1132085781
005 20110314091932.89
010    @a978-7-122-08041-7@dCNY16.00
100    @a20110122d2010 em y0chiy50 ea
101 0  @achi
102    @aCN@b110000
105    @aa z 000yy
106    @ar
200 1  @a西葫芦大棚技术问答@AXi Hu Lu Da Peng Ji Shu Wen Da@f胡永军主编@FHu Yong Jun Zhu Bian
210    @a北京@c化学工业出版社@d2010
215    @a175页@c图@d21cm
225 2  @a寿光科学种菜经验问答丛书
330    @a本书介绍了寿光菜农在西葫芦保护地栽培中的种植经验与关键技术,常见的疑难问题及解决办法。具体包括温室栽培、优良品种选择、育苗技术、栽培管理、病虫害防治等问题。
461  0 @12001 @a寿光科学种菜经验问答丛书
606 0  @a西葫芦@x大棚栽培
606 0  @a西葫芦
606 0  @a大棚栽培
690    @aS642.6@v4
701  0 @a胡永军@AHu Yong Jun@4主编
801  0 @aCN@bTANGWEI@c20110314
905    @b0532453-57@dS642.6@e225@f5
    
    西葫芦大棚技术问答/胡永军主编.-北京:化学工业出版社,2010
    175页:图;21cm.-(寿光科学种菜经验问答丛书)
    
    
    ISBN 978-7-122-08041-7:CNY16.00
    本书介绍了寿光菜农在西葫芦保护地栽培中的种植经验与关键技术,常见的疑难问题及解决办法。具体包括温室栽培、优良品种选择、育苗技术、栽培管理、病虫害防治等问题。
●
相关链接 在E读中查询图书 在五车中查询图书 在当当中查询图书 在豆瓣中查询图书


正题名:西葫芦大棚技术问答     索取号:S642.6/225         预约/预借

序号 登录号 条形码 馆藏地/架位号 状态 备注
1 0532453   205324530   第二样本阅览室/ [索取号:S642.6/225] 在馆    
2 0532454   205324549   第三借阅区/ [索取号:S642.6/225] 在馆    
3 0532455   205324558   第三借阅区/ [索取号:S642.6/225] 在馆    
4 0532456   205324567   第三借阅区/ [索取号:S642.6/225] 在馆    
5 0532457   205324576   密集书库-生命科学系/ [索取号:S642.6/225] 在馆    
唐山师范学院图书馆 欢迎您!
大连网信软件有限公司© 版权所有